000 01175nam0a22002891 4500
001 rc\2333538
005 20110829145924.6
035 _a(NLR Aleph) 006583722
090 _a7072699
_c7072699
100 _a20110829d1977 |||y0rusy50 ca
101 0 _arus
102 _aRU
105 _aa z |||||
200 1 _aПроверка масштабной инвариантности в области энергий 1-40 Тэв с помощью ионозационного калориметра
_fР.А. Нам, С.И. Никольский, В.П. Павлюченко [и др.]
210 _aМосква
_cБ. и.
_d1977
215 _a[1], 26, [15] с.
_cил.
_d20
225 1 _aАН СССР. Физ. ин-т им. П.Н. Лебедева. Препринт
_v№ 104
_iФизика высоких энергий и космических лучей
320 _aБиблиогр.: с. 24-26
701 1 _aНикольский
_bС. И.
701 1 _aПавлюченко
_bВ. П.
701 1 _aНам
_bР. А.
801 0 _aRU
_bNLR
_gpsbo
801 1 _aRU
_bELAR
_2rusmarc
852 _aNLR
_j77-4/29278
899 _aRuMoRGB
_jИн 68-37/327
942 _cBOOK
980 _aNB